Super Smash Bros. Characters by Emoji - Statistics

General Stats
  • This quiz has been taken 816 times
  • The average score is 12 of 15
Answer Stats
Emoji Answer % Correct
πŸ‘ΈπŸ‘πŸ„πŸ° Peach
99%
πŸ•πŸ¦†πŸ”« Duck Hunt
85%
πŸ’ŠπŸ’ŠπŸ’ŠπŸ‘¨πŸ» Dr. Mario
83%
πŸ”«πŸ¦ŠπŸš€ Fox
83%
⚑️🐭 Pikachu
82%
πŸ’πŸ“πŸŽπŸŠπŸˆπŸ‘ΎπŸ›ŽπŸ”‘ Pac-Man
80%
πŸ‘ΌπŸΉ Pit
77%
β—οΈπŸπŸ’£ Snake
76%
πŸ‘‘πŸ§ King Dedede
75%
πŸ§„πŸ§„πŸ§„πŸ€‘πŸ’¨ Wario
75%
β€οΈπŸƒπŸŽ­ Joker
74%
🌭 πŸ”΅πŸ’¨πŸ’¨ Sonic
68%
πŸ”΄πŸ”«πŸ™πŸŽ¨ Inkling
67%
🌊🐸🌊 Greninja
66%
βšΎοΈπŸŽΎπŸŒπŸŽ³πŸ‘Š Mii Fighters
62%
No matching quizzes found
Score Distribution
Percent of People with Each Score
Percentile by Number Answered
Your Score History
You have not taken this quiz